00583nam a2200181Ia 4500001001000000003000500010008004100015010001100056040000900067100002300076245013900099260002200238300001100260440002900271650003300300650003400333700003400367Para_6289CHAP220125s1978 xx 000 0 und d a203640 cCHAP aAgundis Mata, Omar aMaleza del algodonero en la Comarca Lagunera :b descripción y distribución /c por Omar Agundis Mata, Concepción Rodríguez J. aMéxico :b INIA a105 p. aFolleto misceláneo; 40 aAlgodón x malas hierbas  aAlgodón x Comarca Lagunera aRodríguez J., Concepción